[Event "Calcutta Goodricke op"]
[Site "Calcutta"]
[Date "1998.02.09"]
[Round "4"]
[White "Levitt, Jonathan"]
[Black "Short, Nigel D"]
[Result "1/2-1/2"]
[WhiteElo "2425"]
[BlackElo "2660"]

1.d4 e6 2.c4 b6 3.e4 Bb7 4.Qc2 g6 5.Nc3 Bg7 6.Be3 Ne7 7.O-O-O O-O 8.f4 f5
9.e5 d5 10.c5 bxc5 11.dxc5 g5 12.g3 Nbc6 13.Nf3 g4 14.Nd4 Nxd4 15.Bxd4 Nc6
16.Bb5 Nxd4 17.Rxd4 c6 18.Bd3 Rf7 19.Kb1 Bf8 20.Ne2 Bc8 21.Ra4 a5 22.Nd4 Rb7
23.Rc1 Bd7 24.Qc3 Qc7 25.Nb3 Rba7 26.Be2 Bc8 27.Nd4 Rb7 28.Ka1 h5 29.Nb3 Rba7
30.Nd4 Qd7 31.h4 Ba6 32.Bxa6 Rxa6 33.Qb3 Be7 34.Rc3 Kf7 35.Qc2 R6a7 36.Re3 Qc8
37.Rb3 Bd8 38.Qd3 Ke7 39.Kb1 Kf7 40.Kc1 Ke7 41.Kd1 Rb7 42.Kc2 Rab8 43.Rxb7+ Rxb7
44.a3 Rb8 45.b4 Qb7 46.Nb3 axb4 47.axb4 Ra8 48.Rxa8 Qxa8  1/2-1/2

[Event "Calcutta Goodricke op"]
[Site "Calcutta"]
[Date "1998.02.16"]
[Round "11"]
[White "Short, Nigel D"]
[Black "Nenashev, Alexander"]
[Result "1/2-1/2"]
[WhiteElo "2660"]
[BlackElo "2625"]

1.e4 e5 2.Nf3 Nc6 3.Bb5 a6 4.Ba4 Nf6 5.O-O Be7 6.Re1 b5 7.Bb3 d6 8.c3 O-O
9.h3 Na5 10.Bc2 c5 11.d4 Nd7 12.dxe5 dxe5 13.Nbd2 Bb7 14.Qe2 Re8 15.b3 Bc6
16.Nf1 Nb7 17.Bb2 Nd6 18.Rad1 Bf8 19.Ne3 Qb8 20.c4 Qb7 21.Nd2 Rad8 22.f3 g6
23.Bc3 b4 24.Bb2 Bg7 25.Qf2 Nf8 26.Nd5 Ne6 27.Nf1 Nd4 28.Nfe3 a5 29.Bd3 Rf8
30.Qh4 f6 31.f4 exf4 32.Qxf4 Kh8 33.Bxd4 cxd4 34.Nc2 f5 35.e5 Nb5 36.cxb5 Bxd5
37.Rd2 Rfe8 38.Nxd4  1/2-1/2

[Event "BCF-ch"]
[Site "Torquay"]
[Date "1998.07.31"]
[Round "5"]
[White "Sadler, Matthew"]
[Black "Short, Nigel D"]
[Result "1/2-1/2"]
[WhiteElo "2650"]
[BlackElo "2660"]

1.d4 Nf6 2.c4 e6 3.Nc3 Bb4 4.e3 c5 5.Ne2 cxd4 6.exd4 O-O 7.a3 Be7 8.d5 exd5
9.cxd5 Bc5 10.Nd4 d6 11.Be2 a6 12.O-O Nbd7 13.Bg5 Re8 14.Nb3 Ba7 15.Nd2 h6
16.Bh4 Ne5 17.Nde4 g5 18.Nxf6+ Qxf6 19.Bg3 Bf5 20.Kh1 Ng6 21.Bg4 Nf4 22.Bxf4 Bxg4
23.Qxg4 Qxf4 24.Qxf4 gxf4 25.Rad1 Rac8 26.g3 Rc4 27.Kg2 Bd4 28.Rd3 Bxc3 29.Rxc3 Rxc3
30.bxc3 Rc8 31.Rb1 b5 32.a4 Rc5 33.axb5 axb5 34.gxf4 Kg7 35.Rb4 Kf6 36.f3 Kf5
37.Kg3 f6 38.h3 Rxd5 39.c4 bxc4 40.Rxc4 Rc5 41.Re4 Rc8 42.Re7 Rd8 43.Rh7 Kg6
44.Ra7 d5 45.Kf2 d4 46.Ke2 Kf5 47.Rh7 Kxf4 48.Rxh6 f5 49.h4 d3+ 50.Kd2 Kxf3
51.h5 Kf4 52.Rf6 Kg5 53.Rf7 Rd5 54.Rh7 Kh4 55.Rh8 Kg4 56.Rh7 Rd8 57.Rf7 Kg5
58.Rh7 f4 59.Kd1 Rf8 60.Ke1 Re8+ 61.Kd2 Rd8 62.Rf7 Rd6 63.Rf8 Kg4 64.Rf7 Rd4
65.Rh7 f3 66.h6 f2 67.Rg7+ Kf3 68.Rf7+ Kg2 69.h7 Rh4 70.Rg7+ Kf1 71.Rf7 Rh3
72.Re7  1/2-1/2

[Event "BCF-ch"]
[Site "Torquay"]
[Date "1998.08.01"]
[Round "6"]
[White "Short, Nigel D"]
[Black "Rowson, Jonathan"]
[Result "1/2-1/2"]
[WhiteElo "2660"]
[BlackElo "2485"]

1.e4 c5 2.Nf3 d6 3.d4 Nf6 4.Nc3 cxd4 5.Nxd4 a6 6.Be2 e5 7.Nb3 Be7 8.O-O O-O
9.Be3 Be6 10.Nd5 Nbd7 11.Qd3 Rc8 12.c4 Nc5 13.Nxc5 dxc5 14.b3 Bxd5 15.cxd5 Bd6
16.a4 Qe7 17.g3 c4 18.bxc4 Bc5 19.Bd2 Ra8 20.Kg2 Rfc8 21.Bc3 Bd6 22.Rab1 Qc7
23.f4 Nd7 24.f5 b6 25.Bd2 Rab8 26.Qf3 Qd8 27.h4 Nc5 28.Ra1 Be7 29.Rh1 Nb7
30.g4 Nd6 31.Rac1 f6 32.a5 Nb7 33.axb6 Qxb6 34.g5 Nc5 35.Be3 Qb2 36.Rcd1 Nxe4
37.Rb1 Qa2 38.Ra1 Qb2 39.Rhb1 Qc2 40.Rc1 Qb2 41.Rab1 Qa2 42.Rxb8 Rxb8 43.Kf1 Ba3
44.Qxe4 Bxc1 45.Bxc1 Qa1 46.Qe3 Rb1 47.Kg2 Rxc1 48.Qb6 Qa2 49.Qd8+ Kf7 50.Qd7+ Kf8  1/2-1/2

[Event "Elista ol (Men)"]
[Site "Elista"]
[Date "1998.09.30"]
[Round "2"]
[White "Solomon, Stephen J"]
[Black "Short, Nigel D"]
[Result "1/2-1/2"]
[WhiteElo "2435"]
[BlackElo "2670"]

1.e4 e5 2.Nf3 Nc6 3.Bb5 a6 4.Bxc6 dxc6 5.O-O Qd6 6.Na3 b5 7.c3 Ne7 8.Nc2 Bb7
9.d4 exd4 10.cxd4 c5 11.Qe2 Ng6 12.a4 bxa4 13.d5 Qd7 14.Rd1 Be7 15.Qc4 O-O
16.Ne3 Rfe8 17.Rxa4 c6 18.b3 cxd5 19.Nxd5 Qc6 20.Bb2 h6 21.Nd2 Bf8 22.Nf1 Qb5
23.Nfe3 Qxc4 24.Rxc4 Rab8 25.Ba3 Bxd5 26.exd5 Rxb3 27.Bxc5 Ne5 28.Rc2 Rc8
29.Bxf8 Rxc2 30.Bd6 Nc4 31.Nxc2 Nxd6 32.Nd4 Ra3 33.h4 Kh7 34.g3 a5 35.Kg2 a4
36.Rb1 Rd3 37.Rb4 a3 38.Ra4 f5 39.Nc2 Rd2 40.Nxa3 Ne4 41.Kg1 Rxd5 42.Nc4 Rd4
43.Kg2 Nc5 44.Rb4 h5 45.Kf3 Re4 46.Kg2 Rd4 47.Kf3 Rg4 48.Kg2 f4 49.Kf3 fxg3
50.fxg3 g6 51.Kg2 Kh6 52.Kf3 Re4 53.Kg2 Rd4 54.Kf3 Rg4 55.Kg2 Nd3 56.Rb3 Nc1
57.Rc3 Ne2 58.Re3 Nxg3 59.Ne5 Re4 60.Rxg3 Rxe5 61.Ra3 Re4 62.Kg3 Kg7 63.Ra6 Re3+
64.Kg2 Kf7 65.Rb6 Re6 66.Rxe6 Kxe6 67.Kf2 Kf6 68.Ke2 Kf5 69.Kf3 g5 70.hxg5  1/2-1/2

[Event "Bundesliga 9899"]
[Site "Germany"]
[Date "1998.11.22"]
[Round "4.1"]
[White "Jussupow, Artur"]
[Black "Short, Nigel D"]
[Result "1/2-1/2"]
[WhiteElo "2630"]
[BlackElo "2660"]

1.d4 Nf6 2.c4 e6 3.Nc3 Bb4 4.e3 b6 5.Ne2 Ne4 6.Qc2 Bb7 7.a3 Bxc3+ 8.Nxc3 Nxc3
9.Qxc3 Qh4 10.b4 O-O 11.Bb2 f6 12.Rd1 Be4 13.d5 Re8 14.dxe6 dxe6 15.b5 a6
16.h3 Ra7 17.Rg1 c5 18.g4 Nd7 19.g5 Ne5 20.Be2 Kf7 21.Rg3 Bg6 22.Rd6 axb5
23.cxb5 Rd7 24.gxf6 gxf6 25.Rxd7+ Nxd7 26.Qd2 Ke7 27.Bd3 Nf8 28.Rf3 e5 29.Bxg6 hxg6
30.Qd5 Rd8 31.Qb7+ Rd7 32.Qxb6 Ne6 33.Kf1 Qe4 34.Kg2 Rd6 35.Qa7+ Rd7 36.Qa6 Rd6
37.Qa7+ Rd7 38.Qa6  1/2-1/2

[Event "United Insurance 4th"]
[Site "Dhaka"]
[Date "1999.02.19"]
[Round "1"]
[White "Rahman, Ziaur"]
[Black "Short, Nigel D"]
[Result "0-1"]
[WhiteElo "2498"]
[BlackElo "2697"]

1.c4 e5 2.Nc3 d6 3.g3 Be6 4.Bg2 Nc6 5.d3 Qd7 6.Rb1 g6 7.b4 Bg7 8.Nd5 Nd8
9.e4 c6 10.Ne3 Ne7 11.Ne2 d5 12.O-O d4 13.Nc2 f6 14.Na1 Nf7 15.a4 O-O 16.Nb3 b6
17.Kh1 Rac8 18.Ra1 f5 19.exf5 Bxf5 20.Ng1 g5 21.b5 c5 22.a5 e4 23.axb6 axb6
24.Ra6 Ne5 25.Bxg5 Nxd3 26.Rxb6 Ng6 27.Nd2 Rce8 28.h3 e3 29.Bc6 Nxf2+ 30.Rxf2 exf2
31.Ngf3 Qc7 32.Bxe8 Rxe8 33.Rxg6 Qxg3 34.Rxg7+ Kxg7  0-1

[Event "United Insurance 4th"]
[Site "Dhaka"]
[Date "1999.02.21"]
[Round "3"]
[White "Reefat bin Satter"]
[Black "Short, Nigel D"]
[Result "1/2-1/2"]
[WhiteElo "2354"]
[BlackElo "2697"]

1.e4 c5 2.Nf3 d6 3.d4 cxd4 4.Nxd4 Nf6 5.Nc3 a6 6.Bc4 e6 7.Bb3 Nbd7 8.f4 Nc5
9.Qf3 b5 10.f5 Bd7 11.Be3 Qc8 12.a3 Nxb3 13.cxb3 Qb7 14.fxe6 fxe6 15.Bg5 Be7
16.e5 Qxf3 17.Nxf3 dxe5 18.Nxe5 Rc8 19.O-O-O Bc6 20.Nxc6 Rxc6 21.Kc2 h6 22.Bxf6 gxf6
23.b4 Rg8 24.g3 f5 25.Kb3 Rg4 26.Rhe1 Rgc4 27.Ne2 Rd6 28.Nf4 Rxd1 29.Rxd1 Re4
30.Rc1 Kd7 31.Rc2 Bd6 32.Nd3 h5 33.a4 h4 34.axb5 axb5 35.Nc5+ Bxc5 36.bxc5 Kc6
37.gxh4 e5 38.Rf2 f4 39.h5 Re3+ 40.Kb4 Re4+ 41.Kc3 Re3+ 42.Kb4  1/2-1/2

[Event "United Insurance 4th"]
[Site "Dhaka"]
[Date "1999.02.23"]
[Round "5"]
[White "Abdulla, Al Rakib"]
[Black "Short, Nigel D"]
[Result "0-1"]
[WhiteElo "2406"]
[BlackElo "2697"]

1.d4 e6 2.Nf3 c5 3.c3 Nf6 4.Bg5 cxd4 5.cxd4 Nc6 6.Nc3 Bb4 7.Rc1 h6 8.Bxf6 Qxf6
9.e3 O-O 10.Bd3 d5 11.a3 Bd6 12.O-O Rd8 13.Qe2 Bd7 14.Rfd1 Rac8 15.e4 Nxd4
16.Nxd4 Qxd4 17.exd5 Qe5 18.Qxe5 Bxe5 19.Be4 Bxc3 20.Rxc3 Rxc3 21.bxc3 Rb8
22.f4 g6 23.c4 b6 24.Kf2 Rc8 25.Rc1 Kf8 26.Ke3 Ke7 27.Kd4 Kd6 28.h4 h5 29.g3 Rc5
30.Rc3 Ra5 31.Re3 Bc8 32.Rc3 exd5 33.Bxd5 Be6 34.Be4 Ke7 35.Bf3 Kf6 36.Be4 Rc5
37.Bf3 Kf5 38.Be2 Ra5 39.Bd1 Kf6 40.Re3 Ke7 41.Rc3 Rc5 42.Be2 Kd6 43.Bf3 f6
44.Be2 Bf7 45.Rf3 Be6 46.Rc3 Rc7 47.Re3 Bf7 48.Bd3 Rc5 49.Be2 Ra5 50.Bd1 g5
51.hxg5 fxg5 52.fxg5 Rxg5 53.Be2 Be6 54.Kc3 Bg4 55.Bxg4 Rxg4 56.Kb4 a6 57.Rd3+ Kc6
58.Kc3 Rg5 59.Kb4 Rf5 60.Rd8 a5+ 61.Kc3 Rf3+ 62.Rd3 Rxd3+ 63.Kxd3 Kc5 64.Kc3 b5
65.cxb5 Kxb5 66.Kb3 a4+ 67.Kc3 Kc5 68.Kd3 Kd5 69.Kd2 Kd4  0-1

[Event "United Insurance 4th"]
[Site "Dhaka"]
[Date "1999.02.24"]
[Round "6"]
[White "Short, Nigel D"]
[Black "Hossain, Enamul"]
[Result "1-0"]
[WhiteElo "2697"]
[BlackElo "2310"]

1.e4 c5 2.Nc3 Nc6 3.g3 g6 4.Bg2 Bg7 5.d3 d6 6.Be3 Rb8 7.Qd2 e6 8.Nge2 Nd4
9.O-O b5 10.Nc1 b4 11.Nd1 Ne7 12.c3 bxc3 13.bxc3 Ndc6 14.Bh6 O-O 15.Bxg7 Kxg7
16.Ne3 e5 17.Ne2 Ba6 18.f4 f6 19.Rac1 Qa5 20.Rc2 Rb7 21.Bh3 Rfb8 22.Be6 Rb1
23.Nc1 Qb6 24.Qf2 Rf8 25.h4 Qd8 26.f5 Rxc1 27.Rfxc1 Bxd3 28.Rd2 Bxe4 29.Rcd1 Nc8
30.Nc4 Bxf5 31.Bxf5 gxf5 32.Nxd6 Nxd6 33.Rxd6 Qc8 34.Rd7+  1-0

[Event "United Insurance 4th"]
[Site "Dhaka"]
[Date "1999.02.26"]
[Round "8"]
[White "Short, Nigel D"]
[Black "Neelotpal, Das"]
[Result "0-1"]
[WhiteElo "2697"]
[BlackElo "2436"]

1.e4 e6 2.d4 d5 3.Nc3 Bb4 4.e5 c5 5.a3 Bxc3+ 6.bxc3 Ne7 7.Qg4 Qc7 8.Qxg7 Rg8
9.Qxh7 cxd4 10.Kd1 dxc3 11.Nf3 Nbc6 12.Ng5 Nd8 13.f4 Bd7 14.h4 Qc5 15.h5 Bb5
16.Bxb5+ Qxb5 17.h6 Rg6 18.f5 Nxf5 19.Qh8+ Kd7 20.h7 Rh6 21.Re1 Rh2 22.Nxe6 Nxe6
23.Qxa8 Rxg2 24.Ra2 Ne3+ 25.Bxe3 Qb1+ 26.Bc1 Rd2+  0-1

[Event "United Insurance 4th"]
[Site "Dhaka"]
[Date "1999.03.03"]
[Round "13"]
[White "Short, Nigel D"]
[Black "Szekely, Peter"]
[Result "1-0"]
[WhiteElo "2697"]
[BlackElo "2444"]

1.e4 c5 2.Nc3 d6 3.Nge2 Nf6 4.d3 Nc6 5.Be3 g6 6.h3 Bg7 7.Qd2 O-O 8.g4 b6
9.Bg2 Bb7 10.O-O e6 11.Bh6 Qe7 12.Bxg7 Kxg7 13.f4 Nd7 14.Rad1 Rad8 15.Rf2 Kg8
16.d4 Na5 17.b3 Ba6 18.d5 e5 19.f5 Qh4 20.Qe3 Kg7 21.Ng3 Nf6 22.Bf1 Bxf1
23.Nxf1 h5 24.g5 Nh7 25.f6+ Kh8 26.Rg2 Qf4 27.Qxf4 exf4 28.Nd2 Rfe8 29.Rf1 Nf8
30.Kf2 Nd7 31.Kf3 a6 32.a4 Kg8 33.Kxf4 Ne5 34.Re1 Kf8 35.Rgg1 Rc8 36.Ra1 Rc7
37.Nf3 Nb7 38.Rgd1 c4 39.b4 Rcc8 40.Nd4 Ra8 41.Nc6 Rac8 42.b5 a5 43.Rd4 Nc5
44.Ra3 Rc7 45.Nb1 Ncd7 46.Nd2 Rec8 47.Rxc4 Ke8 48.Rcc3 Kf8 49.Ke3 Ke8 50.Kd4 Kf8
51.Ne7 Rxc3 52.Rxc3 Rxc3 53.Kxc3 Nc5 54.Nc8  1-0

[Event "EUCup final 15th"]
[Site "Bugojno"]
[Date "1999.10.29"]
[Round "1"]
[White "Sutovskij, Emil"]
[Black "Short, Nigel D"]
[Result "1/2-1/2"]
[WhiteElo "2587"]
[BlackElo "2675"]

1.e4 e6 2.d4 d5 3.Nc3 Nf6 4.Bg5 dxe4 5.Nxe4 Be7 6.Bxf6 gxf6 7.Nf3 Nd7 8.g3 c5
9.Bg2 Qb6 10.O-O cxd4 11.Nxd4 O-O 12.Nc3 Ne5 13.Nb3 Bd7 14.Qh5 f5 15.Rad1 Rad8
16.Ne4 f6 17.Nc3 a5 18.Rd4 Bb4 19.Rfd1 Bxc3 20.bxc3 Qc7 21.Qh6 a4 22.Nc1 Bc6
23.Bxc6 bxc6 24.Qe3 c5  1/2-1/2

[Event "Monarch Assurance 8th"]
[Site "Port Erin"]
[Date "1999.11.11"]
[Round "6"]
[White "Parker, Jonathan"]
[Black "Short, Nigel D"]
[Result "0-1"]
[WhiteElo "2523"]
[BlackElo "2675"]

1.d4 e6 2.c4 Nf6 3.Nc3 Bb4 4.e3 O-O 5.Bd3 d5 6.cxd5 exd5 7.Ne2 Re8 8.Qc2 Bf8
9.a3 c5 10.dxc5 Bxc5 11.b4 Bd6 12.Bb2 Nc6 13.Rd1 h6 14.Nb5 Bb8 15.Nbd4 Ne5
16.Ng3 h5 17.Be2 g6 18.Nf3 a5 19.Bxe5 Bxe5 20.Bb5 Bd7 21.Bxd7 Qxd7 22.O-O axb4
23.axb4 Bd6 24.Qb2 Qe7 25.b5 Ra4 26.Ne2 Rb4 27.Qa2 Rc8 28.Rb1 Rbc4 29.Ned4 Ne4
30.Ra1 Bb4 31.Qb3 Qf6 32.Rfd1 g5 33.Nc2 Rxc2 34.Qxb4 g4 35.Rxd5 R2c4  0-1

[Event "Eu Team Ch"]
[Site "Batumi GEO"]
[Date "1999.12.07"]
[Round "9"]
[White "Piket,Je"]
[Black "Short,N"]
[Result "0-1"]
[WhiteElo "2635"]
[BlackElo "2675"]

1.d4 e6 2.c4 b6 3.a3 g6 4.Nc3 Bg7 5.e4 Ne7 6.f4 d5 7.cxd5 exd5 8.e5 c5 9.Nf3 Nbc6
10.Be3 O-O 11.Be2 Nf5 12.Bf2 cxd4 13.Nxd4 Ncxd4 14.Bxd4 Be6 15.O-O f6 16.exf6 Bxf6
17.Bxf6 Qxf6 18.Qd2 Rad8 19.Bg4 Ne3 20.Qxe3 Bxg4 21.Qd2 d4 22.Ne4 Qc6 23.Nf2 Bf5
24.Rac1 Qd5 25.Rfe1 Rfe8 26.h3 d3 27.g4 Be4 28.Re3 Bh1 29.Rg3 Bf3 30.Rc3 Be2
31.f5 Qd6 32.Kh2 gxf5 33.gxf5+ Kh8 34.Rc4 Qf6 35.Ne4 Qe5 36.Ng5 Bf1 37.Rb4 Rd4  0-1

[Event "Eu Team Ch"]
[Site "Batumi GEO"]
[Date "1999.12.07"]
[Round "9"]
[White "Piket,Je"]
[Black "Short,N"]
[Result "0-1"]
[WhiteElo "2635"]
[BlackElo "2675"]

1.d4 e6 2.c4 b6 3.a3 g6 4.Nc3 Bg7 5.e4 Ne7 6.f4 d5 7.cxd5 exd5 8.e5 c5 9.Nf3 Nbc6
10.Be3 O-O 11.Be2 Nf5 12.Bf2 cxd4 13.Nxd4 Ncxd4 14.Bxd4 Be6 15.O-O f6 16.exf6 Bxf6
17.Bxf6 Qxf6 18.Qd2 Rad8 19.Bg4 Ne3 20.Qxe3 Bxg4 21.Qd2 d4 22.Ne4 Qc6 23.Nf2 Bf5
24.Rac1 Qd5 25.Rfe1 Rfe8 26.h3 d3 27.g4 Be4 28.Re3 Bh1 29.Rg3 Bf3 30.Rc3 Be2
31.f5 Qd6 32.Kh2 gxf5 33.gxf5+ Kh8 34.Rc4 Rd7 35.Ne4 Qe5 36.Ng5 Rf8 37.Re4 Qc5
38.Ne6 Qc2 39.Qh6 Bf3+ 40.Kg1 Qd1+ 41.Kf2 Rxf5  0-1

[Event "Oz.com qualifier blitz"]
[Site "Internet ICC"]
[Date "2000.03.05"]
[Round "2"]
[White "Short,N"]
[Black "Reprintsev,A"]
[Result "1-0"]
[WhiteElo "2683"]
[BlackElo "2428"]

1.e4 d5 2.exd5 Qxd5 3.Nc3 Qa5 4.Bc4 Nf6 5.d3 c6 6.Bd2 Qc7 7.Qe2 Bg4 8.f3 Bf5
9.g4 Bg6 10.f4 h5 11.f5 Bh7 12.g5 Ng4 13.Bxf7+ Kxf7 14.g6+ Ke8 15.gxh7 Qe5
16.Nf3 Qxe2+ 17.Kxe2 Nd7 18.Ng5 Ngf6 19.Nce4 Nxh7 20.Ne6 Rc8 21.Rhg1 Kf7
22.Bc3 Ndf6 23.Rg6 b6 24.Rag1 Rg8 25.Kf3 c5 26.b3 Nd5 27.Bxg7 Ndf6 28.Bxf6 Nxf6
29.Nxf6 Rxg6 30.fxg6+ Kxf6 31.g7 Bxg7 32.Nxg7 h4 33.Nh5+  1-0

[Event "Oz.com qualifier blitz"]
[Site "Internet ICC"]
[Date "2000.03.05"]
[Round "4"]
[White "Short,N"]
[Black "Orlov,G"]
[Result "1-0"]
[WhiteElo "2683"]
[BlackElo "2512"]

1.e4 c6 2.Nc3 d5 3.Nf3 Bg4 4.h3 Bxf3 5.Qxf3 e6 6.Be2 Nd7 7.d4 Qb6 8.Qd3 dxe4
9.Nxe4 Ngf6 10.Ng5 c5 11.dxc5 Bxc5 12.O-O h6 13.Ne4 Nxe4 14.Qxe4 Nf6 15.Qa4+ Ke7
16.c3 a5 17.Bf3 Rhd8 18.Rb1 Nd5 19.a3 Kf8 20.Qc2 Nf6 21.b4 axb4 22.axb4 Bd6
23.Be3 Qc7 24.c4 Be5 25.Rfd1 Rac8 26.c5 b6 27.c6 Bh2+ 28.Kh1 Bf4 29.Rxd8+ Rxd8
30.Bxf4 Qxf4 31.Rc1 Qc7 32.b5 Ke7 33.g3 Rd4 34.Qc3 Rd8 35.Kg2 Kf8 36.Ra1 e5
37.Ra6 e4 38.Qb4+ Qe7 39.Qxe7+ Kxe7 40.Be2 Rb8 41.Ra7+ Kd6 42.Rxf7 Ne8 43.Bg4 Ra8
44.Rb7 Nc7 45.Rxb6 Ra5 46.Be2 Ra2 47.Kf1 Ra1+ 48.Kg2 Ra2 49.Bf1 e3 50.Rb8 e2
51.Bxe2 Rxe2 52.b6 Kxc6 53.bxc7 Kxc7 54.Rf8 Re7 55.Kf3 Kd7 56.Kg4 g6 57.Rf6 Rg7
58.h4 Ke7 59.Ra6 Rg8 60.h5 gxh5+ 61.Kxh5 Rf8 62.f4 Rg8 63.Rg6  1-0

[Event "Oz.com qualifier blitz"]
[Site "Internet ICC"]
[Date "2000.03.05"]
[Round "5"]
[White "Glek,I"]
[Black "Short,N"]
[Result "0-1"]
[WhiteElo "2554"]
[BlackElo "2683"]

1.e4 e6 2.d4 d5 3.Nc3 Nf6 4.Bg5 dxe4 5.Nxe4 Be7 6.Bxf6 gxf6 7.Nf3 a6 8.g3 f5
9.Nc3 c5 10.d5 Qb6 11.Rb1 Bf6 12.Bg2 O-O 13.O-O Rd8 14.Re1 Nc6 15.Qc1 Nd4
16.Ne5 Qc7 17.Nc4 b5 18.d6 Qa7 19.Ne5 Bb7 20.Qh6 Bg7 21.Qh5 Bxg2 22.Kxg2 Rxd6
23.Rbd1 Qb7+ 24.f3 Rad8 25.Kh3 Nxc2 26.Rxd6 Rxd6 27.Re2 Nd4 28.Re3 Bxe5 29.Rxe5 Nxf3
30.Re3 Ng1+ 31.Kh4 Rd4+ 32.Ne4 Rxe4+ 33.Rxe4 Qxe4+ 34.Kg5 Qd4 35.Qh6 Nf3+
36.Kh5 Qg4+  0-1

[Event "VII Open"]
[Site "Linares CHI"]
[Date "2000.06.24"]
[Round "3"]
[White "Short,N"]
[Black "Vera,S"]
[Result "1-0"]
[WhiteElo "2683"]
[BlackElo "2080"]

1.e4 c5 2.b3 Nc6 3.Bb2 Nf6 4.e5 Nd5 5.Nf3 e6 6.Nc3 Nxc3 7.Bxc3 Be7 8.Bb5 Qc7
9.a4 O-O 10.a5 f6 11.Qe2 Nb4 12.O-O Nd5 13.Bb2 Kh8 14.Bc4 Nf4 15.Qe3 Ng6
16.Bd3 f5 17.Rfe1 Rb8 18.c4 b6 19.a6 Re8 20.g3 Rf8 21.h4 Rf7 22.h5 Nf8 23.Bf1 Qd8
24.d4 cxd4 25.Bxd4 Kg8 26.Rab1 Bb4 27.Ng5  1-0

[Event "VII Open"]
[Site "Linares CHI"]
[Date "2000.06.25"]
[Round "4"]
[White "Toloza,P"]
[Black "Short,N"]
[Result "1-0"]
[WhiteElo "2347"]
[BlackElo "2683"]

1.d4 e6 2.c4 b6 3.Nf3 Bb7 4.g3 Bb4+ 5.Bd2 Bxf3 6.exf3 Bxd2+ 7.Qxd2 d5 8.Nc3 c6
9.O-O-O Ne7 10.Kb1 a5 11.cxd5 exd5 12.Bh3 a4 13.a3 O-O 14.Rc1 Nd7 15.Qc2 b5
16.Na2 Nb6 17.Qc5 Nc4 18.Rc2 Re8 19.Nb4 Na5 20.Re1 Nb3 21.Qc3 Qd6 22.Rce2 Kf8
23.Ka2 Rad8 24.Nd3 Ng6 25.f4 Rxe2 26.Rxe2 Ne7 27.Bg4 g6 28.Re5 Ng8 29.Bd1 Nf6
30.f3 Kg7 31.Bxb3 axb3+ 32.Kxb3 Nd7 33.Re2 Nb6 34.Qc5 Qc7 35.Nb4 Nc4 36.Kc3 Qd7
37.Qe7 Qc8 38.Qc5 Qf5 39.Nxc6 Rd7 40.Re8 Qb1 41.Qf8+ Kf6 42.Qh8+ Kf5 43.Re5+  1-0

[Event "VII Open"]
[Site "Linares CHI"]
[Date "2000.06.25"]
[Round "5"]
[White "Short,N"]
[Black "Bravo,C"]
[Result "1-0"]
[WhiteElo "2683"]
[BlackElo "2118"]

1.e4 e5 2.Nf3 d6 3.Bc4 Be7 4.d4 exd4 5.Nxd4 Nf6 6.Nc3 O-O 7.f3 a6 8.a4 c5
9.Nde2 Be6 10.Nd5 Nc6 11.Nef4 Bxd5 12.Nxd5 Nxd5 13.Bxd5 Bg5 14.f4 Bf6 15.c3 Qb6
16.O-O c4+ 17.Kh1 Na5 18.Qe2 Rac8 19.Be3 Qc7 20.Rad1 Nb3 21.Rf3 Rfe8 22.Rh3 g6
23.f5 Re5 24.fxg6 hxg6 25.Rf1 Rxd5 26.exd5 Qe7 27.Qg4 Re8 28.Qxc4  1-0

[Event "VII Open"]
[Site "Linares CHI"]
[Date "2000.06.26"]
[Round "7"]
[White "Salas,Cr"]
[Black "Short,N"]
[Result "1/2-1/2"]
[WhiteElo "2288"]
[BlackElo "2683"]

1.d4 e6 2.e4 d5 3.Nc3 Bb4 4.e5 c5 5.a3 Bxc3+ 6.bxc3 Qc7 7.Bd2 Ne7 8.Nf3 Bd7
9.Bd3 Nbc6 10.O-O c4 11.Be2 f6 12.Bf4 Ng6 13.Bg3 fxe5 14.Nxe5 Ngxe5 15.dxe5 Qa5
16.Qd2 O-O-O 17.Rfd1 Kb8 18.Bh4 Rdf8 19.Qe3 Ka8 20.Bg3 Be8 21.Bg4 Bf7 22.f4 h5
23.Bh3 Re8 24.Bh4 Bg6 25.Rd2 Rhf8 26.a4 Bf5 27.Bxf5 Rxf5 28.Bg5 Rff8 29.Rdd1 Ne7
30.Bxe7 Rxe7 31.h4 Rc7 32.g3 Rc6 33.Rdb1 Qc5 34.Qd4 b6 35.Rb5 Qxd4+ 36.cxd4  1/2-1/2

[Event "VII Open"]
[Site "Linares CHI"]
[Date "2000.06.26"]
[Round "9"]
[White "Short,N"]
[Black "Valenzuela,L"]
[Result "1-0"]
[WhiteElo "2683"]
[BlackElo "2419"]

1.e4 c5 2.Nf3 d6 3.d4 cxd4 4.Nxd4 Nf6 5.Nc3 a6 6.Be2 e5 7.Nb3 Be7 8.Be3 Be6
9.Nd5 Nxd5 10.exd5 Bf5 11.O-O Nd7 12.Qd2 O-O 13.Na5 Qc7 14.c4 b6 15.Nc6 Bf6
16.Rad1 Rfe8 17.b4 Nb8 18.g4 Nxc6 19.dxc6 Be4 20.b5 Red8 21.f3 Bg6 22.a4 axb5
23.axb5 Ra3 24.Ra1 Rda8 25.Rxa3 Rxa3 26.Rd1 Be7 27.f4 f6 28.Bf3 e4 29.Be2 Qa7
30.Qd4 Ra2 31.Qxb6 Qa4 32.c7  1-0

[Event "Super Final"]
[Site "Buenos Aires ARG"]
[Date "2000.09.27"]
[Round "9"]
[White "Short,N"]
[Black "Flores,Di"]
[Result "1-0"]
[WhiteElo "2677"]
[BlackElo "2358"]

1.e4 e5 2.Nf3 Nc6 3.Bb5 a6 4.Ba4 Nf6 5.O-O Be7 6.Re1 b5 7.Bb3 d6 8.c3 O-O
9.a4 Na5 10.Bc2 b4 11.d4 Bg4 12.Nbd2 c5 13.cxb4 Nc6 14.dxe5 dxe5 15.h3 Bxf3
16.Nxf3 Qxd1 17.Rxd1 Nd4 18.Nxd4 cxd4 19.f4 Bxb4 20.fxe5 Nd7 21.Bf4 Rfe8
22.Bb3 Nxe5 23.Rac1 Ng6 24.Bc7 Rac8 25.Rxd4 a5 26.Bd5 Bd6 27.Bxf7+ Kxf7 28.Rf1+ Ke6
29.Bxd6 Red8 30.Bc5 Rxd4 31.Bxd4 Rc4 32.Bxg7 Rxa4 33.Bc3 Rxe4 34.Bxa5 Ra4
35.Bd2 h5 36.Bg5 Ne5 37.Rf6+ Kd5 38.Rh6 Rb4 39.Rxh5 Ke6 40.Bd2  1-0

[Event "Simul"]
[Site "Sao Paulo BRA"]
[Date "2001.09.01"]
[Round "?"]
[White "Short,N"]
[Black "Benares,R"]
[Result "1/2-1/2"]
[WhiteElo "2664"]
[BlackElo "2261"]

1.e4 c5 2.Nc3 e6 3.Nf3 a6 4.g3 b5 5.Bg2 Bb7 6.Qe2 Nc6 7.O-O d6 8.d3 g6 9.Bd2 Bg7
10.Rae1 Nge7 11.h4 O-O 12.h5 Nd4 13.Nxd4 cxd4 14.Nd1 Rc8 15.c3 d5 16.h6 Bh8
17.e5 dxc3 18.bxc3 Qc7 19.Bg5 d4 20.Bxb7 Qxb7 21.cxd4 Nf5 22.Qg4 f6 23.exf6 Bxf6
24.Bxf6 Rxf6 25.Re4 Qd5 26.Ne3 Nxe3 27.Rxe3 Qxa2 28.Re5 Rc2 29.Qe4 Rcxf2
30.Rc1 Qd2 31.Rec5 Qxh6 32.Rc8+ Rf8 33.Qxe6+ Kh8 34.Qe5+ Qg7 35.R1c7 Qxe5
36.dxe5 Rf1+ 37.Kg2 Rf2+ 38.Kh3 Rxc8 39.Rxc8+ Kg7 40.d4 Rd2 41.Rc7+ Kf8 42.Kg4 h6
43.Rd7 b4 44.e6 b3 45.Kf4 b2 46.Rb7 Rxd4+ 47.Ke5 Rd2 48.Rb8+ Ke7 49.Rb7+ Kd8
50.e7+ Ke8 51.Ke6 Re2+ 52.Kf6 Rf2+ 53.Ke6 Re2+ 54.Kf6 a5 55.Rb8+ Kd7 56.Rb7+ Kd6
57.Rb6+ Kd7  1/2-1/2

[Event "Simul"]
[Site "Sao Paulo BRA"]
[Date "2001.09.01"]
[Round "?"]
[White "Short,N"]
[Black "Van Riemsdijk,V"]
[Result "1-0"]
[WhiteElo "2664"]
[BlackElo "2164"]

1.e4 c5 2.Nc3 Nc6 3.g3 d6 4.Bg2 g6 5.d3 Bg7 6.f4 Rb8 7.Nf3 Nf6 8.O-O O-O
9.h3 b5 10.a3 e5 11.f5 b4 12.axb4 cxb4 13.Ne2 d5 14.fxg6 fxg6 15.Ng5 Qb6+
16.Kh2 h6 17.exd5 Nd8 18.Ne4 Nxd5 19.Rxf8+ Kxf8 20.Qg1 Qxg1+ 21.Kxg1 Nc6
22.Nc5 Rb5 23.Ne4 a5 24.Nd6  1-0

[Event "Clock Simul"]
[Site "Sao Paulo BRA"]
[Date "2001.09.03"]
[Round "?"]
[White "Short,N"]
[Black "Marra,E"]
[Result "1-0"]
[WhiteElo "2664"]
[BlackElo "2202"]

1.e4 e5 2.Nf3 Nc6 3.Bb5 a6 4.Ba4 b5 5.Bb3 Na5 6.O-O d6 7.d4 exd4 8.Nxd4 Ne7
9.Ne2 Bb7 10.Ng3 c5 11.c4 bxc4 12.Ba4+ Bc6 13.Nc3 Qd7 14.f4 h5 15.Bxc6 Naxc6
16.Nxh5 Nd4 17.f5 Nec6 18.Nd5 Qb7 19.f6 g6 20.Ng7+ Kd8 21.Rf2 Ne5 22.Be3 Ndc6
23.Rd2 Rh4 24.Qc2 Rb8 25.Rad1 Kc8 26.h3 Qd7 27.Bxc5 Rxh3 28.Ne3 Rg3 29.Rxd6 Qb7
30.Nxc4 Nxc4 31.Qxc4  1-0

[Event "Clock Simul"]
[Site "Sao Paulo BRA"]
[Date "2001.09.03"]
[Round "?"]
[White "Short,N"]
[Black "Haro,P"]
[Result "1/2-1/2"]
[WhiteElo "2664"]
[BlackElo "2146"]

1.e4 e6 2.d4 d5 3.Nc3 Nf6 4.e5 Nfd7 5.f4 c5 6.Nf3 Nc6 7.Be3 Rb8 8.Qd2 Qa5
9.Be2 b5 10.O-O b4 11.Nd1 cxd4 12.Nxd4 Nxd4 13.Bxd4 Bc5 14.Nf2 Bxd4 15.Qxd4 Qb6
16.Rfd1 Qxd4 17.Rxd4 g5 18.g3 Rg8 19.Kf1 gxf4 20.gxf4 Rg6 21.b3 Rh6 22.h3 Ke7
23.a3 bxa3 24.Rxa3 a6 25.b4 Rb6 26.Rc3 Bb7 27.Bd3 Rh4 28.Kg2 Nxe5 29.Kg3 Nxd3
30.Nxd3 Rh6 31.Rc7+ Ke8 32.Ne5 f6 33.Nd7 Kd8 34.Nxb6 Kxc7 35.Na4 e5 36.fxe5 fxe5
37.Rd2 Rg6+ 38.Kh4 Rf6 39.Nc5 Rd6 40.Rf2 Rh6+ 41.Kg5 Rg6+ 42.Kf5 Rb6 43.Kxe5 Rxb4
44.Nxb7 Kxb7 45.Kxd5 Rh4  1/2-1/2

[Event "Clock Simul"]
[Site "Sao Paulo BRA"]
[Date "2001.09.03"]
[Round "?"]
[White "Short,N"]
[Black "Maia,L"]
[Result "1-0"]
[WhiteElo "2664"]
[BlackElo "2250"]

1.e4 e6 2.d4 d5 3.Nc3 Nf6 4.e5 Nfd7 5.f4 c5 6.Nf3 Nc6 7.Be3 a6 8.Qd2 b5 9.g3 Qb6
10.Bh3 Be7 11.O-O cxd4 12.Nxd4 Nxd4 13.Bxd4 Qxd4+ 14.Qxd4 Bc5 15.Ne2 g6 16.c3 Bb7
17.a4 bxa4 18.Rxa4 Bc6 19.Ra5 Bb5 20.Rf2 Bxd4 21.Nxd4 Rb8 22.Nxb5 axb5 23.b4 Ke7
24.Bf1 Rhc8 25.Rf3 Ra8 26.Rxa8 Rxa8 27.Bxb5 Ra3 28.Kg2 Nb6 29.g4 Rb3 30.Rd3 Rb2+
31.Kg3 Rb3 32.Kf3 Rb2 33.h3 Rh2 34.Kg3 Rc2 35.Rf3 Rb2 36.Rd3 Rc2 37.g5 Rb2
38.Kf3 Rh2 39.Ke3 Rxh3+ 40.Kd4 Rh4 41.Kc5 Nd7+ 42.Bxd7 Kxd7 43.Rf3 h5 44.gxh6 Rxh6
45.c4 dxc4 46.Rc3 Rh8 47.Rxc4 Kc7 48.b5 Rd8 49.Rd4 Rc8 50.b6+ Kb8+ 51.Kb5 Rc1
52.Rd8+ Kb7 53.Rd7+ Kc8 54.Rxf7 Kb8 55.Rf6 Kb7 56.Rxe6  1-0